[Event "Asia-ch Amateur"]
[Site "Dubai"]
[Date "2023.08.31"]
[Round "5"]
[White "Ravil, Pernekhan"]
[Black "Pedarse, Marlon"]
[Result "1-0"]
[WhiteElo "1844"]
[BlackElo "1930"]
[PlyCount "82"]
[EventDate "2023.08.28"]
[EventType "swiss"]
[EventRounds "9"]
[EventCountry "UAE"]
[SourceTitle "EXT 2024"]
[Source "ChessBase"]
[SourceDate "2023.10.10"]
[SourceVersion "1"]
[SourceVersionDate "2023.10.10"]
[SourceQuality "1"]

1. c4 Nf6 2. Nc3 c5 3. g3 g6 4. Bg2 Bg7 5. a3 0-0 6. b4 d6 7. Rb1 Na6 8. e4 Rb8 9. Nge2 Nc7 10. 0-0 e5 11. d3 Bd7 12. f4 b5 13. h3 exf4 14. Bxf4 Rb6 15. Qd2 Ne6 16. Be3 Qb8 17. Nd5 Nxd5 18. exd5 Nd4 19. Bxd4 cxd4 20. c5 Ra6 21. c6 Bf5 22. g4 Bc8 23. Ra1 Qc7 24. Ng3 h6 25. Ne4 f5 26. gxf5 gxf5 27. Ng3 Kh7 28. Kh1 Be5 29. Nxf5 Rf6 30. Be4 Kh8 31. Nh4 Rxa3 32. Ng6+ Kg8 33. Qg2 Rxa1 34. Rxa1 Kf7 35. Rg1 Qd8 36. Nxe5+ dxe5 37. Qg7+ Ke8 38. Bg6+ Rxg6 39. Qxg6+ Ke7 40. Rf1 Qxd5+ 41. Kh2 Qe6 1-0

[Event "Asia-ch Amateur"]
[Site "Dubai"]
[Date "2023.08.29"]
[Round "2"]
[White "Takenouchi, Atsushi"]
[Black "Ravil, Pernekhan"]
[Result "0-1"]
[WhiteElo "1637"]
[BlackElo "1844"]
[PlyCount "69"]
[EventDate "2023.08.28"]
[EventType "swiss"]
[EventRounds "9"]
[EventCountry "UAE"]
[SourceTitle "EXT 2024"]
[Source "ChessBase"]
[SourceDate "2023.10.10"]
[SourceVersion "1"]
[SourceVersionDate "2023.10.10"]
[SourceQuality "1"]

1. d4 Nf6 2. c4 e6 3. g3 c5 4. d5 exd5 5. cxd5 d6 6. Nc3 g6 7. Bg2 Bg7 8. Nf3 0-0 9. 0-0 Re8 10. Bf4 Ne4 11. Nxe4 Rxe4 12. Nd2 Rxf4 13. gxf4 Bxb2 14. Rb1 Bg7 15. e4 Qh4 16. Qf3 Bh6 17. Qg3 Qf6 18. e5 Qxf4 19. Qxf4 Bxf4 20. Nc4 Nd7 21. Nxd6 Nxe5 22. Nxc8 Rxc8 23. Rxb7 c4 24. d6 Rd8 25. d7 c3 26. Be4 Nxd7 27. Bc2 Ne5 28. Rd1 Bd2 29. Rc7 Nf3+ 30. Kg2 Nd4 31. Bd3 Rd5 32. h4 a5 33. Kg3 Kg7 34. Be4 Re5 35. f3 0-1

[Event "KAZ-ch U18"]
[Site "Ak Bulak"]
[Date "2022.03.21"]
[Round "2"]
[White "Ravil, Pernekhan"]
[Black "Bizhigitov, Zhangir"]
[Result "1/2-1/2"]
[WhiteElo "1617"]
[BlackElo "2074"]
[PlyCount "119"]
[EventDate "2022.03.20"]
[EventType "swiss"]
[EventRounds "9"]
[EventCountry "KAZ"]
[SourceTitle "EXT 2023"]
[Source "ChessBase"]
[SourceDate "2022.10.05"]
[SourceVersion "1"]
[SourceVersionDate "2022.10.05"]
[SourceQuality "1"]

1. e4 e5 2. Nf3 Nc6 3. d4 exd4 4. Bc4 Bc5 5. c3 Nf6 6. cxd4 Bb4+ 7. Bd2 Bxd2+ 8. Nbxd2 d5 9. exd5 Nxd5 10. 0-0 0-0 11. h3 Nb6 12. Bd3 Nxd4 13. Nxd4 Qxd4 14. Qc2 h6 15. Rad1 Qf4 16. Rfe1 c6 17. Ne4 Nd5 18. Bc4 Be6 19. Nc5 Bf5 20. Qb3 Nb6 21. Bf1 Qc7 22. a4 Rab8 23. g4 Bg6 24. Bg2 Nd5 25. Bxd5 cxd5 26. Rxd5 Rbe8 27. Re3 b6 28. Nd7 Rxe3 29. Qxe3 Rd8 30. h4 Kh7 31. Qe7 Qc1+ 32. Kg2 Rc8 33. h5 Bb1 34. Rd4 Qc6+ 35. Kg3 Kg8 36. Ne5 Qf6 37. Rd7 Ba2 38. Rxa7 Rc2 39. Qxf6 gxf6 40. Nd7 Rxb2 41. Nxf6+ Kg7 42. Nd7 Bd5 43. a5 Rb3+ 44. Kh2 bxa5 45. Rxa5 Be6 46. Nc5 Rb6 47. Kg3 Bc4 48. Ra4 Be6 49. f4 Rc6 50. Ra5 Bc4 51. Nd7 Be6 52. Nc5 Bc4 53. Kf3 Rd6 54. Ra4 Bb5 55. Rb4 Bc6+ 56. Ke3 Rd1 57. Rb6 Bd5 58. Rd6 Bf3 59. Rxd1 Bxd1 60. g5 1/2-1/2